| 000 | 00512nam a22001697a 4500 | ||
|---|---|---|---|
| 005 | 20231204094356.0 | ||
| 008 | 231204b |||||||| |||| 00| 0 eng d | ||
| 020 | _a0409011967 ; 0409011975 | ||
| 041 | _aEnglish | ||
| 082 | _a349 JOU | ||
| 100 |
_aJoubert, WA _lEnglish |
||
| 245 |
_aThe Law of South Africa / _cWA Joubert |
||
| 260 |
_aDurban : _bLexisNexis Butterworths, _c2003 |
||
| 300 |
_bxvii, 569 pages ; _c26 cm. |
||
| 650 |
_aLegal practice _bLaw |
||
| 942 |
_cBK _6ALISON_BN_VRIES |
||
| 999 |
_c1102 _d1102 |
||